Biología celular
محفوظ في:
| المؤلفون الرئيسيون: | , |
|---|---|
| مؤلفون آخرون: | , , , , |
| التنسيق: | كتاب |
| اللغة: | الإسبانية |
| منشور في: |
Madrid
McGraw-Hill Interamericana de España, S.A.U
2007
|
| الطبعة: | 3a. ed |
| الموضوعات: | |
| الوسوم: |
إضافة وسم
لا توجد وسوم, كن أول من يضع وسما على هذه التسجيلة!
|
MARC
| LEADER | 00000nam a2200000 a 4500 | ||
|---|---|---|---|
| 001 | UCG3177 | ||
| 003 | CL-VaPUC | ||
| 008 | 100812e20070000SP |||||||||||||||||spa|d | ||
| 020 | |a 9788448155926 | ||
| 082 | 0 | 4 | |a 571.6 |b PAN |2 21 |
| 100 | |a Paniagua Gómez-Alvarez, Ricardo |e autor |9 552105 | ||
| 700 | 0 | |a Nistal Martín de Serrano, Manuel |e author |9 552106 | |
| 700 | |a Sesma Egozcue, Pilar |e autora |9 552107 | ||
| 700 | |a Alvarez-Uría Rico-Valdemoro, Manuel |e autor |9 552108 | ||
| 700 | |a Fraile Láiz, Benito |e autor |9 552109 | ||
| 700 | |a Anadón Alvarez, Ramón |e autor |9 552110 | ||
| 700 | |a Sáez Crespo, Francisco José |e autor |9 552111 | ||
| 245 | 1 | 0 | |a Biología celular |
| 250 | |a 3a. ed | ||
| 300 | |a 389 p | ||
| 942 | |c BK | ||
| 945 | |d 20100812 00:00:00 |a mfarfan | ||
| 260 | |a Madrid |b McGraw-Hill Interamericana de España, S.A.U |c 2007 | ||
| 650 | 0 | |a Biología celular |9 341055 | |
| 650 | 0 | |a Biología molecular |9 269677 | |
| 650 | 0 | |a Membrana celular |9 365516 | |
| 583 | |a last modification |c 20100812 00:00:00 |k Rodrigo Vera | ||
| 999 | |c 342261 |d 342259 | ||
| 952 | |0 0 |1 0 |4 0 |6 571_600000000000000_PAN_2007 |7 0 |8 A |9 438358 |a BIBING |b BIBING |d 2019-11-22 |i 4707176 |l 1 |m 1 |o 571.6 PAN 2007 |p 4707176 |r 2025-01-20 |s 2022-12-13 |w 2019-11-22 |y BK |k ING | ||